000 00647nas a2200229 4500
001 BR9700906
003 BR-BrBNA
005 20231205100034.0
007 ta
008 230509b bl.|||p| |||| 00| 00por d
040 _aBR-BrBNA
_bpor
_cBiblioteca Nacional de Agricultura
041 _a(Pt)
072 _aN20
100 1 _aRamos, M.A.R.
245 1 _aErvas daninhas; terapia de choque
650 _aEquipamento Agricola
650 _aErva Daninha
650 _aEletricidade
773 0 _tGlobo Rural (Brazil)
_xISSN 0102-6178
_g(Oct 1996), v. 11(132) p. 7-9
_wBR9700906
909 _a202311
_bLúcia
_c55
_dLúcia Elande
942 _2AGRIS
_n0
_cANA
999 _c154057
_d154057